| 000 | 00671nam a2200169 4500 | ||
|---|---|---|---|
| 999 |
_c15796 _d15796 |
||
| 008 | 201127b ||||| |||| 00| 0 eng d | ||
| 022 | _a0730-3084 | ||
| 082 | _aDPer 613.705 J863 Sept 2015-Apr 2016 v. 86-87 | ||
| 100 |
_aFrancisco, James D. _942626 |
||
| 245 |
_aHigh School compliance with title IX/ _cJames D. Francisco, George R. Schaefer, and Thomas H. Sawyer-editor. |
||
| 260 |
_aPhiladelphia: _bShape America-Society of Health and Physical Educators, _c©Sept 2015-Apr 2016. |
||
| 300 | _av87, n3, pages 50-51: | ||
| 650 |
_aSchools _xPolicy. _942627 |
||
| 700 |
_aSchaefer, J. D. _eAuthor. _942628 |
||
| 700 |
_aSawyer, T. H. _eEditor. _942629 |
||
| 942 |
_2ddc _cPER |
||